Marketing : Joel R Evan and Barry Berman

Bibliographic Details
Main Author: Evan, Joel R
Other Authors: Berman, Barry
Format: Book
Published: New York : Macmilan Publishing Co. Inc , 1982
Subjects:

MARC

LEADER 00000cam a2200000 7i4500
001 0000000134
005 20021128.0
020 |a 0023345004 
040 |a INS 
090 0 0 |a HF5415.   |b E86 1982 
100 1 |a Evan, Joel R 
245 1 0 |a Marketing :   |b Joel R Evan and Barry Berman 
260 |a New York :   |b Macmilan Publishing Co. Inc ,   |c 1982 
300 |a xxvi :   |b 723p. ;   |c 24cm. 
500
650 0 0 |a Marketing 
700 1 |a Berman, Barry 
999 |a 0000003316   |b BOOK   |c Open Shelf   |e Default branch